Soliton mathematics /
Guardado en:
| Autor Corporativo: | |
|---|---|
| Otros Autores: | |
| Formato: | Libro |
| Idioma: | English |
| Publicado: |
Montréal, Québec, Canada :
Presses de l'Université de Montréal,
1986.
|
| Series: | Séminaire mathématiques supérieures ;
103 |
| Materias: | |
| Etiquetas: |
Agregar Etiqueta
Sin Etiquetas, Sea el primero en etiquetar este registro!
|
| LEADER | 01014nam a2200277 a 4500 | ||
|---|---|---|---|
| 001 | MAT.inmabb005315 | ||
| 008 | 870804s1986####quc######b####100#0#eng## | ||
| 005 | 20170508165002.0 | ||
| 245 | 0 | 0 | |a Soliton mathematics / |c Alan C. Newell ... [et al.]. |
| 260 | |a Montréal, Québec, Canada : |b Presses de l'Université de Montréal, |c 1986. | ||
| 300 | |a 116 p. ; |c 28 cm. | ||
| 440 | 0 | |a Séminaire mathématiques supérieures ; |v 103 | |
| 500 | |a Coautores: Tudor Ratiu, Michael Tabor, Zeng Yunbo. | ||
| 500 | |a Cabecera de portada: Séminaire Scientifique OTAN. | ||
| 504 | |a Bibliografía: p. [113]-116. | ||
| 510 | 4 | |a MR, |c 88e:58041 | |
| 020 | |a 2760607828 (pbk.) | ||
| 700 | 1 | |a Newell, Alan C., |d 1941- | |
| 710 | 2 | |a NATO Advanced Study Institute. | |
| 650 | 0 | |a Solitons |x Congresses. | |
| 650 | 0 | |a Lie algebras |x Congresses. | |
| 650 | 0 | |a Differential equations, Partial |x Congresses. | |
| 084 | |a 58F07 (35Q20 58G37) |2 MR | ||
| 010 | |a 87162235 | ||
| 040 | |a DLC |c DLC |d DLC | ||
| 859 | |h 58 |i So687 |p A-6070 |b BIB. MATEMATICA | ||
